[Event "Mechanics' Winter TNM; G/2"]
[Site "San Francisco"]
[Date "2016.02.09"]
[Round "6.16"]
[White "Smith, David A"]
[Black "Marcus, Joel"]
[Result "1/2-1/2"]
[WhiteElo "1581"]
[BlackElo "1893"]
[PlyCount "72"]
[EventDate "2016.??.??"]

1. c4 Nf6 2. Nc3 e6 3. d4 d5 4. e3 c6 5. Nf3 Bd6 6. c5 Bc7 7. b4 Nbd7 8. Bd3 e5
9. dxe5 Nxe5 10. Nxe5 Bxe5 11. Bb2 O-O 12. Qc2 Bg4 13. Ne2 Qc7 14. Bxe5 Qxe5
15. O-O Bh5 16. Ng3 Bg6 17. Rad1 Rae8 18. Rfe1 Re6 19. Bf5 Bxf5 20. Qxf5 Qb2
21. Rd4 Qxa2 22. f3 Rfe8 23. Re2 Qa1+ 24. Kf2 Qc3 25. Qd3 Qxd3 26. Rxd3 g6 27.
Nf1 Nd7 28. Ra3 a6 29. Nd2 Ne5 30. Rb3 f5 31. g3 Kf7 32. Ra3 h5 33. h4 Kg7 34.
Rb3 Nf7 35. Rd3 g5 36. hxg5 Nxg5 {Remaining few moves missing.} 1/2-1/2

[Event "Mechanics' Winter TNM; G/2"]
[Site "San Francisco"]
[Date "2016.01.26"]
[Round "4.41"]
[White "Smith, David A"]
[Black "Snead, Fianna McCarty"]
[Result "1-0"]
[WhiteElo "1581"]
[BlackElo "772"]
[PlyCount "61"]
[EventDate "2016.??.??"]

1. c4 e5 2. Nc3 Nc6 3. e3 Bb4 4. Nge2 Bxc3 5. bxc3 Nf6 6. d4 d6 7. d5 Na5 8.
Qa4+ c6 9. dxc6 Nxc6 10. Ba3 Bd7 11. Ng3 Nd4 12. Qd1 Nf5 13. Nxf5 Bxf5 14. Bxd6
Ne4 15. Bxe5 Qxd1+ 16. Rxd1 Rc8 17. Bxg7 Rg8 18. Bd4 Rd8 19. f3 Nd6 20. c5 Nc4
21. Bxc4 Kf8 22. e4 Rc8 23. exf5 Rc6 24. Kf2 b6 25. Bd5 Rc8 26. c6 Rd8 27. c7
Re8 28. Bb7 h6 29. Rhe1 Rxe1 30. Rxe1 b5 31. c8=Q# 1-0

[Event "Mechanics' Summer TNM; G/2"]
[Site "San Francisco"]
[Date "2016.05.31"]
[Round "2.21"]
[White "Smith III, Mahlon"]
[Black "Casares Jr, Nick"]
[Result "1-0"]
[WhiteElo "2060"]
[BlackElo "1600"]
[PlyCount "71"]
[EventDate "2016.??.??"]

1. e4 e5 2. Qh5 Nf6 3. Qxe5+ Be7 4. c3 Nc6 5. Qf4 O-O 6. d4 d5 7. e5 Ne4 8. Qe3
Bg5 9. f4 Bh6 10. Nf3 f5 11. Bd3 Be6 12. Nbd2 Ne7 13. Nf1 Ng6 14. g3 c6 15. Bd2
b5 16. Qe2 a5 17. Qg2 Kh8 18. h4 Ne7 19. Ng5 Bg8 20. Nh2 g6 21. Nhf3 Qe8 22.
O-O-O Nc8 23. Kb1 Nb6 24. Rh2 c5 25. dxc5 Nc4 26. Bxe4 dxe4 27. Nd4 e3 28. Bc1
b4 29. b3 Nd2+ 30. Bxd2 exd2 31. Qxd2 a4 32. cxb4 axb3 33. axb3 Ra3 34. Kb2 Qa8
35. Kc3 Qd5 36. Qc2 {White won on time} 1-0

[Event "Mechanics' Alan Benson TNM; G/2"]
[Site "San Francisco"]
[Date "2016.08.02"]
[Round "1.11"]
[White "Smith III, Mahlon"]
[Black "Eastham, Asher Dan"]
[Result "1-0"]
[WhiteElo "2064"]
[BlackElo "1568"]
[PlyCount "77"]
[EventDate "2016.??.??"]

1. e4 e5 2. Qh5 d6 3. Bc4 g6 4. Qf3 Nf6 5. h3 Nc6 6. c3 Bg7 7. Ne2 Be6 8. d3 d5
9. Bb3 h6 10. O-O O-O 11. Ng3 Qd7 12. Bxh6 dxe4 13. dxe4 Bxh6 14. Qxf6 Bxb3 15.
axb3 Rad8 16. Nf5 gxf5 17. Qxh6 fxe4 18. Qg5+ Kh7 19. Qh4+ Kg8 20. Qxe4 f6 21.
Na3 Rf7 22. Qg4+ Qxg4 23. hxg4 Rfd7 24. Rfe1 a6 25. Nc4 Kg7 26. Ne3 Ne7 27.
Rad1 Kg6 28. Rxd7 Rxd7 29. Rd1 Rxd1+ 30. Nxd1 Kg5 31. Ne3 Kf4 32. Kf1 b5 33. b4
c6 34. Ke2 e4 35. g3+ Ke5 36. Nc2 Nd5 37. Nd4 Nxb4 {Diagram [#]} 38. f4+ $1 Kd5
39. g5 1-0

[Event "Mechanics' Summer TNM; G/2"]
[Site "San Francisco"]
[Date "2016.07.05"]
[Round "7.7"]
[White "Smith III, Mahlon"]
[Black "Hakobyan, Sos"]
[Result "0-1"]
[WhiteElo "2060"]
[BlackElo "1873"]
[PlyCount "98"]
[EventDate "2016.??.??"]

1. Nf3 d5 2. g3 Nf6 3. Bg2 Bg4 4. O-O c6 5. d4 Bxf3 6. Bxf3 Nbd7 7. Bg2 e5 8.
c3 e4 9. b3 g6 10. a4 a5 11. Ba3 Bxa3 12. Nxa3 h5 13. Nc2 h4 14. Ne3 Qc7 15.
Rc1 Kf8 16. c4 Qd6 17. cxd5 cxd5 18. Qc2 Kg7 19. Qc7 Qb4 20. Qc3 hxg3 21. fxg3
Qb6 22. Qd2 Qxb3 23. Rb1 Qxa4 24. Rxb7 Qc6 25. Rb2 a4 26. Rc1 Qd6 27. Ra1 Rh5
28. Qb4 Qxb4 29. Rxb4 a3 30. Ra2 Rhh8 31. Nc2 Rhc8 32. Rxa3 Rxa3 33. Nxa3 Rc1+
34. Bf1 Ng4 35. Rb1 Rc3 36. Nb5 Rc4 37. Bh3 Ndf6 38. Bxg4 Nxg4 39. h3 Ne3 40.
Nd6 Rxd4 41. Rb2 Rd1+ 42. Kf2 d4 43. g4 Rf1+ 44. Kg3 d3 45. exd3 Rf3+ 46. Kh2
exd3 47. Ne4 d2 48. Nxd2 Rf2+ 49. Kg3 Rxd2 $1 {and Black went on to win.} 0-1

[Event "Mechanics' Fall TNM; G/2"]
[Site "San Francisco"]
[Date "2016.10.25"]
[Round "2.28"]
[White "Smith III, Mahlon"]
[Black "Harris, Clarence"]
[Result "1-0"]
[WhiteElo "2064"]
[BlackElo "1400"]
[Annotator "Donaldson"]
[PlyCount "47"]
[EventDate "2016.??.??"]

1. e4 e5 2. Qh5 Nc6 3. Bc4 g6 4. Qf3 Nf6 5. Ne2 Bg7 6. d3 Na5 7. Nbc3 Nxc4 8.
dxc4 c6 9. Be3 d6 10. h3 Be6 11. b3 O-O 12. Rd1 Qe7 13. O-O Rfd8 14. Bc1 Rd7
15. Ba3 Rad8 16. Ng3 h5 17. Rfe1 h4 18. Nf1 Nh5 19. Ne2 Bh6 20. Ne3 Nf4 21. Nd5
cxd5 22. cxd5 Nxh3+ $2 (22... Bxh3 {with equal chances.}) 23. gxh3 Qg5+ 24. Kh1
1-0

[Event "Mechanics' Alan Benson TNM; G/2"]
[Site "San Francisco"]
[Date "2016.08.23"]
[Round "4.20"]
[White "Smith III, Mahlon"]
[Black "James, Charles"]
[Result "1-0"]
[WhiteElo "2064"]
[BlackElo "1380"]
[Annotator "Donaldson"]
[PlyCount "70"]
[EventDate "2016.??.??"]

1. e4 c5 2. d4 cxd4 3. Nf3 Nc6 4. Nxd4 e5 5. Nb5 d6 6. c4 a6 7. N5a3 Nf6 8. Nc3
Be6 9. Nc2 Be7 10. Be2 O-O 11. O-O Rc8 12. Ne3 Nd4 13. Re1 Nxe2+ 14. Qxe2 Qd7
15. Ned5 Bd8 16. f3 h6 17. Be3 Nh7 18. g4 Nf6 19. h3 Rc6 20. Rad1 Qc8 21. b3 b5
22. cxb5 Rxc3 23. Nxc3 Qxc3 24. bxa6 d5 25. Rc1 Qa5 26. Rc5 Qa3 27. Rc6 d4 28.
Bc1 Qe7 29. Qc2 Bd7 30. Rc7 Bxc7 31. Qxc7 Rc8 32. Qb7 Qd8 33. a7 Ra8 34. a3 (
34. Ba3 Qc8 35. Qb6 Bc6 36. Rc1 Nd7 37. Qxc6 Qxc6 38. Rxc6 Rxa7 39. Rc8+ Kh7
40. Bd6 Rxa2 41. Kf1 f6 42. Rc7 Nb6 43. Bf8 Kg8 44. Bxg7 d3 45. Ke1 Re2+ 46.
Kd1 Rf2 47. Bxf6 Rxf3 48. Bxe5 Rxh3 49. Kd2 Rf3 50. Rb7) 34... Qc8 35. Qb6 Bc6
1-0

[Event "Mechanics' Alan Benson TNM; G/2"]
[Site "San Francisco"]
[Date "2016.09.06"]
[Round "6.9"]
[White "Smith III, Mahlon"]
[Black "Kuczek, Kevin W"]
[Result "1-0"]
[WhiteElo "2064"]
[BlackElo "1742"]
[PlyCount "166"]
[EventDate "2016.??.??"]

1. e4 e5 2. Qh5 Nc6 3. Bc4 g6 4. Qf3 Qf6 5. Ne2 Qxf3 6. gxf3 Bc5 7. d3 d6 8.
Nbc3 Nge7 9. Bh6 Be6 10. Bb3 O-O-O 11. h4 Rhg8 12. Bg5 Rde8 13. Rh2 Nd4 14.
Nxd4 Bxd4 15. O-O-O c6 16. Bf6 b5 17. Ne2 Bb6 18. f4 Bxb3 19. axb3 Bc7 20. fxe5
dxe5 21. Ng1 c5 22. Nf3 Nc6 23. Ng5 h6 24. Nxf7 Rgf8 25. Bg7 Rxf7 26. Bxh6 Nd4
27. Rg2 Bd8 28. Rh1 Re6 29. Be3 Be7 30. h5 gxh5 31. Rxh5 Ne2+ 32. Kd2 Nf4 33.
Rg8+ Rf8 34. Rxf8+ Bxf8 35. Rh8 Ng6 36. Rh7 Re7 37. Rh5 Re6 38. Rf5 Be7 39. Rf7
Kd8 40. Rg7 Ke8 41. b4 cxb4 42. Bxa7 Nf8 43. Rg1 Rg6 44. Ra1 Bg5+ 45. Ke2 Ne6
46. Ra5 Nc7 47. Bb8 Ne6 48. Bxe5 Nf4+ 49. Kf3 Ne6 50. Rxb5 Bf6 51. Bxf6 Rxf6+
52. Ke3 Rh6 53. Rxb4 Rh3+ 54. Kd2 Rh2 55. Ke1 Rh1+ 56. Ke2 Nf4+ 57. Kf3 Ne6 58.
Rc4 Rh3+ 59. Kg4 Rh2 60. f4 Rg2+ 61. Kf5 Ng7+ 62. Ke5 Rh2 63. b4 Kd7 64. b5 Ne6
65. f5 Nd8 66. Kd5 Rh6 67. e5 Rh5 68. b6 Rxf5 69. Rc7+ Ke8 70. b7 Nxb7 71. Rxb7
Kd8 72. c4 Kc8 73. Rh7 Rf3 74. d4 Rf8 75. e6 Rd8+ 76. Kc6 Rxd4 77. Rh8+ Rd8 78.
Rxd8+ Kxd8 79. Kb7 Ke7 80. c5 Kxe6 81. c6 Kd6 82. c7 Kd5 83. c8=Q Kd6 1-0

[Event "Mechanics' Alan Benson TNM; G/2"]
[Site "San Francisco"]
[Date "2016.09.20"]
[Round "8.10"]
[White "Smith III, Mahlon"]
[Black "Maser, Thomas F"]
[Result "1-0"]
[WhiteElo "2064"]
[BlackElo "1927"]
[Annotator "Donaldson"]
[PlyCount "83"]
[EventDate "2016.??.??"]

1. e4 e5 2. Qh5 Nf6 3. Qxe5+ Be7 4. d3 d5 5. Qf4 dxe4 6. dxe4 O-O 7. Nc3 Nc6 8.
Bd2 Bd6 9. Qh4 {Diagram [#]} Ne5 (9... Nxe4 $5 10. Qxd8 Rxd8 11. Nxe4 Re8 12.
f3 f5 $11) 10. f3 Be6 11. O-O-O Qe7 12. Bg5 Ned7 13. f4 Bb4 14. f5 Bxc3 15.
bxc3 Bxa2 16. Kb2 Qc5 17. Kxa2 Rfe8 18. Bd3 Re5 19. Nf3 Qa5+ 20. Kb2 Rc5 21.
Qe1 Ng4 22. Nd4 Nf2 23. Nb3 Nxd1+ 24. Kc1 Qa3+ 25. Kxd1 Rc6 26. Bc1 Qd6 27. g3
a5 28. Bf4 Ne5 29. Bxe5 Qxe5 30. Nd4 Rb6 31. Kd2 c5 32. Nf3 Qd6 33. e5 Qd8 34.
Qe4 a4 35. Ra1 a3 36. Qc4 Rb2 37. e6 fxe6 38. fxe6 Qe7 39. h4 b5 40. Qe4 g6 41.
Qxa8+ Kg7 42. Qxa3 1-0

[Event "Mechanics' Fall TNM; G/2"]
[Site "San Francisco"]
[Date "2016.11.08"]
[Round "4.11"]
[White "Smith III, Mahlon"]
[Black "Mays, Jerry L"]
[Result "1/2-1/2"]
[WhiteElo "2064"]
[BlackElo "1876"]
[PlyCount "90"]
[EventDate "2016.??.??"]

1. e4 e5 2. Qh5 Nc6 3. Bc4 g6 4. Qf3 Nf6 5. Ne2 Bg7 6. d3 O-O 7. h3 a6 8. a4
Nb4 9. Bb3 d5 10. Bd2 dxe4 11. dxe4 Qe7 12. c3 Nc6 13. Na3 Na5 14. Bc2 Be6 15.
Be3 Nb3 16. Rb1 Rfd8 17. Nc1 Nxc1 18. Rxc1 Rd7 19. O-O Rad8 20. Rfd1 Nh5 21. a5
Qf6 22. Qxf6 Nxf6 23. f3 Nh5 24. Rxd7 Rxd7 25. Rd1 Rxd1+ 26. Bxd1 Nf4 27. Bc2
Bf8 28. Nb1 Bh6 29. Kh2 Bf8 30. Nd2 Be7 31. Nb3 f5 32. Nc5 Bc8 33. Bb3+ Kh8 34.
g3 Nh5 35. exf5 gxf5 36. Ne6 Nxg3 37. Bh6 Bxe6 38. Bxe6 f4 39. Bc8 b6 40. Bxa6
bxa5 41. Bd3 a4 42. h4 Bxh4 43. Kh3 Be7 44. Kg4 a3 45. bxa3 Bxa3 1/2-1/2

[Event "Mechanics' Summer TNM; G/2"]
[Site "San Francisco"]
[Date "2016.06.14"]
[Round "4.4"]
[White "Smith III, Mahlon"]
[Black "Shaw, Tenzing Will"]
[Result "0-1"]
[WhiteElo "2060"]
[BlackElo "2292"]
[PlyCount "100"]
[EventDate "2016.??.??"]

1. Nf3 Nf6 2. c4 c6 3. Nc3 d5 4. cxd5 cxd5 5. d4 Nc6 6. Bg5 Ne4 7. Nxe4 dxe4 8.
d5 Qa5+ 9. Qd2 e6 10. Qxa5 Nxa5 11. Nd4 Bb4+ 12. Kd1 exd5 13. Nb5 O-O 14. a3
Nb3 15. axb4 Nxa1 16. Be7 Bd7 17. Nd6 Ba4+ 18. Kd2 Nb3+ 19. Ke3 Rfe8 20. Nxe8
Rxe8 21. Bc5 b6 22. Bd4 f5 23. g3 g5 24. Bf6 f4+ 25. gxf4 d4+ 26. Bxd4 gxf4+
27. Kxf4 Nxd4 28. Rg1+ Kf7 29. e3 Ne6+ 30. Kxe4 Ng5+ 31. Kf5 Bd7+ 32. Kf4 Nh3+
33. Bxh3 Bxh3 34. Rg5 Be6 35. Ke5 Rd8 36. Ke4 Rd2 37. Rh5 Kg6 38. Re5 Kf6 39.
Rh5 Bf7 40. Rh6+ Bg6+ 41. Kf3 Rxb2 42. Rh4 Rc2 43. Rd4 Rc7 44. h4 Ke6 45. Kg3
b5 46. Rd8 Rc4 47. Ra8 Rxb4 48. Rxa7 Ra4 49. Rb7 b4 50. f3 Bc2 0-1

[Event "Mechanics' Summer TNM; G/2"]
[Site "San Francisco"]
[Date "2016.07.05"]
[Round "7.14"]
[White "Smith III, Robert"]
[Black "Drane, Robert W"]
[Result "0-1"]
[WhiteElo "1770"]
[BlackElo "2012"]
[Annotator "Donaldson"]
[PlyCount "111"]
[EventDate "2016.??.??"]

1. e4 Nf6 2. e5 Nd5 3. d4 d6 4. Nf3 dxe5 5. Nxe5 c6 6. c4 Nb4 7. a3 $2 (7. Be3
Bf5 8. Bd3 Nxd3+ 9. Nxd3 g6 $11) 7... Qxd4 $1 8. axb4 Qxe5+ 9. Be2 Bg4 10. Nc3
Bxe2 11. Nxe2 Qe4 12. Qd4 Qxd4 13. Nxd4 Nd7 14. f4 e5 15. Nc2 Be7 16. O-O O-O
17. Bd2 Bf6 18. Bc3 Rfe8 19. fxe5 Nxe5 20. Ne3 Bg5 (20... Bd8 21. Nf5 Bc7 $19)
21. Nf5 Nxc4 22. Nxg7 Re2 23. Nf5 Ne3 24. Nxe3 Bxe3+ 25. Kh1 Re8 (25... Bd2)
26. Rae1 Bb6 27. Rxe2 Rxe2 28. Rd1 Kf8 29. Rd7 Re7 30. Rd6 Bc7 31. Rd3 Ke8 32.
Rh3 f6 33. g4 Be5 34. Kg2 Kd7 35. Rd3+ Ke6 36. h4 h5 37. Kf3 hxg4+ 38. Kxg4
Rg7+ 39. Kh3 Bxc3 40. bxc3 f5 41. Rd4 Ke5 42. h5 b6 43. Rh4 c5 44. h6 Rh7 45.
b5 Kf6 46. Kg3 Kg5 47. Rh3 Rxh6 48. Rxh6 Kxh6 49. Kf4 Kg6 50. Kf3 Kg5 51. Kg3
f4+ 52. Kf3 c4 53. Kf2 Kf5 54. Kf3 Ke5 55. Kf2 Ke4 56. Ke2 0-1

[Event "Mechanics' Summer TNM; G/2"]
[Site "San Francisco"]
[Date "2016.06.14"]
[Round "4.30"]
[White "Smith III, Robert"]
[Black "Giridharan, Durgashankar"]
[Result "1-0"]
[WhiteElo "1770"]
[BlackElo "1199"]
[Annotator "Donaldson"]
[PlyCount "69"]
[EventDate "2016.??.??"]

1. e4 c5 2. Nc3 Nc6 3. g3 Nf6 4. Bg2 g6 5. Nge2 Bg7 6. O-O O-O 7. d3 d6 8. h3
a6 9. f4 e6 10. g4 d5 11. e5 Nd7 12. a4 f6 13. exf6 Nxf6 14. Ng3 Ne8 15. Nce2
Nd6 16. c3 Bd7 17. Qc2 Rb8 18. Bd2 b5 19. axb5 axb5 20. f5 exf5 21. Bxd5+ Kh8
22. gxf5 Ne7 23. Bg2 Nexf5 24. Bf4 Qb6 25. Qd2 Rbe8 26. Nxf5 Nxf5 27. Kh2 Nh4
28. Be4 Qe6 29. Ng1 c4 $1 $17 30. Rae1 Rxf4 $3 31. Rxf4 Be5 (31... Qd6 $1 32.
Kh1 Bh6 33. Ref1 Rxe4 $19) 32. Kh1 Bxf4 33. Qxf4 Qe7 $2 {Diagram [#]} (33...
cxd3 $1 34. Qxh4 d2 $15) 34. Bd5 $1 Qd8 35. Qd4+ 1-0

[Event "Mechanics' Summer TNM; G/2"]
[Site "San Francisco"]
[Date "2016.05.31"]
[Round "2.10"]
[White "Smith III, Robert"]
[Black "Murugappan, Ganesh"]
[Result "0-1"]
[WhiteElo "1770"]
[BlackElo "2057"]
[Annotator "Donaldson"]
[PlyCount "94"]
[EventDate "2016.??.??"]

1. e4 c5 2. Nc3 Nc6 3. g3 Nf6 4. Bg2 e6 5. Nge2 d5 6. exd5 exd5 7. O-O Be7 8.
d3 h6 9. h3 O-O 10. Nf4 Be6 11. Nxe6 fxe6 12. Ne2 e5 13. c3 Qd7 14. Bd2 Rad8
15. Qc2 e4 16. Rad1 Ne5 17. dxe4 Nxe4 18. Bf4 Qf5 19. Rxd5 (19. g4 $1) 19...
Nxg3 $1 20. Qxf5 Nxe2+ 21. Kh1 Rxf5 22. Rxe5 Rxf4 23. Rxe7 Rd2 24. Rxb7 Rf7 25.
Rb5 Nf4 26. a4 g6 27. a5 Nd3 $2 28. Bd5 Nxf2+ 29. Rxf2 Rdxf2 30. Rb7 (30. b4
$16) 30... Kf8 31. Rxf7+ $4 (31. Bxf7 Rxf7 32. a6 $14) 31... Rxf7 32. Bxf7 Kxf7
33. b4 cxb4 34. cxb4 Ke6 35. b5 Kd6 36. b6 axb6 37. axb6 Kc6 38. Kg2 Kxb6 39.
Kf3 Kc5 40. Ke4 Kd6 41. Kf4 Kd5 42. h4 Kd4 43. Kg3 Ke3 44. Kg4 Ke4 45. Kg3 h5
46. Kh2 Kf3 47. Kh3 Kf4 0-1

[Event "Mechanics' Summer TNM; G/2"]
[Site "San Francisco"]
[Date "2016.06.28"]
[Round "6.24"]
[White "Smith III, Robert"]
[Black "Starr, Albert Martin"]
[Result "1-0"]
[WhiteElo "1770"]
[BlackElo "1517"]
[PlyCount "61"]
[EventDate "2016.??.??"]

1. e4 e5 2. Nc3 Nf6 3. g3 Bb4 4. Bg2 O-O 5. Nge2 c6 6. O-O d5 7. exd5 Nxd5 8.
Nxd5 cxd5 9. c3 Ba5 10. d4 e4 11. f3 f5 12. Qb3 Kh8 13. Nf4 Nc6 14. Qxd5 Qe7
15. fxe4 Rd8 16. Qb5 Bb6 17. Nd5 Qd7 18. Rxf5 Nxd4 19. Qxd7 Nxf5+ 20. Nxb6 Bxd7
21. Nxa8 Rxa8 22. exf5 Bxf5 23. Bxb7 Rf8 24. Bf4 h6 25. h4 Rf6 26. Bd5 a6 27.
Re1 Bd7 28. Re7 Bh3 29. Re8+ Kh7 30. Be4+ Bf5 31. Be5 1-0

[Event "Mechanics' Spring TNM; G/2"]
[Site "San Francisco"]
[Date "2016.03.22"]
[Round "2.41"]
[White "Snead, Fia McCarty"]
[Black "Menghrajani, Alok"]
[Result "0-1"]
[WhiteElo "766"]
[BlackElo "1609"]
[PlyCount "50"]
[EventDate "2016.??.??"]

1. e4 e6 2. Nc3 d5 3. e5 Nc6 4. Bb5 Qg5 5. Bxc6+ bxc6 6. Qf3 Qxe5+ 7. Nge2 Bd6
8. d4 Qf6 9. Qxf6 Nxf6 10. O-O O-O 11. Bg5 Nd7 12. Bf4 Ba6 13. Bxd6 cxd6 14.
Rad1 c5 15. dxc5 dxc5 16. Rfe1 Rab8 17. b3 c4 18. bxc4 Bxc4 19. Rb1 e5 20. Kf1
d4 21. a4 dxc3 22. Rxb8 Rxb8 23. Rd1 Kf8 24. Rxd7 Rb1+ 25. Rd1 Rxd1# 0-1

[Event "Mechanics' Spring TNM; G/2"]
[Site "San Francisco"]
[Date "2016.03.15"]
[Round "1.35"]
[White "Snead, Fia Mccarty"]
[Black "Newey, Richard H"]
[Result "0-1"]
[WhiteElo "766"]
[BlackElo "1819"]
[PlyCount "64"]
[EventDate "2016.??.??"]

1. e4 c5 2. Nf3 d6 3. Nc3 Nf6 4. Bb5+ Nc6 5. d4 cxd4 6. Nxd4 Bd7 7. Nxc6 bxc6
8. Bd3 e5 9. O-O Be7 10. Bg5 O-O 11. Bxf6 Bxf6 12. Be2 Be6 13. Bg4 Qd7 14. Bxe6
fxe6 15. Na4 Rad8 16. Qd2 Qf7 17. Qd3 Bg5 18. Qe2 Qe7 19. Rad1 d5 20. exd5 exd5
21. Rfe1 e4 22. Nc3 Qc5 23. Rf1 Rf7 24. Rde1 Rdf8 25. Nd1 Qd4 26. c3 Qb6 27.
Ne3 Bxe3 28. Qxe3 Qxb2 29. Ra1 Rxf2 30. Rxf2 Qxa1+ 31. Qe1 Qxe1+ 32. Rf1 Qxf1#
0-1

[Event "Mechanics' Winter TNM; G/2"]
[Site "San Francisco"]
[Date "2016.02.02"]
[Round "5.50"]
[White "Snead, Fianna McCarty"]
[Black "Donaldson, Kyle Ga"]
[Result "0-1"]
[WhiteElo "772"]
[BlackElo "1479"]
[PlyCount "98"]
[EventDate "2016.??.??"]

1. e4 c5 2. Nf3 d6 3. Nc3 Nc6 4. d3 Nf6 5. Be3 g6 6. d4 cxd4 7. Nxd4 Ng4 8. Bb5
Qc7 9. Nd5 Qd7 10. Bd2 a6 11. Ba5 axb5 12. Nc7+ Kd8 13. Nxa8+ Nxa5 14. Nb6 Qc7
15. Nxc8 Qxc8 16. Qd2 Nc4 17. Qe2 Qc5 18. Nb3 Qc8 19. Nd4 Qd7 20. Nxb5 Qxb5 21.
b3 Qb4+ 22. Kf1 Nd2+ 23. Kg1 Nf6 24. Rd1 Ndxe4 25. Qc4 Qxc4 26. bxc4 Nc3 27.
Rd3 Nxa2 28. Ra3 Nb4 29. Ra8+ Kc7 30. c3 Na6 31. g3 Bg7 32. Rxh8 Bxh8 33. Kg2
Ne4 34. Re1 Bxc3 35. Rxe4 e6 36. Rf4 f5 37. Rf3 Bd4 38. Rd3 e5 39. f4 Kc6 40.
Kf3 e4+ 41. Ke2 exd3+ 42. Kxd3 Kc5 43. g4 Nb4+ 44. Kd2 Kxc4 45. gxf5 gxf5 46.
h4 b5 47. Ke2 Nd3 48. h5 b4 49. Kf3 Bf6 0-1

[Event "Mechanics' Winter TNM; G/2"]
[Site "San Francisco"]
[Date "2016.01.26"]
[Round "4.46"]
[White "Snead, Tallulah McCarty"]
[Black "Harmon, Fredrick G"]
[Result "0-1"]
[WhiteElo "160"]
[BlackElo "1812"]
[PlyCount "60"]
[EventDate "2016.??.??"]

1. e4 Nc6 2. Nf3 b6 3. Nc3 g6 4. Bb5 Bg7 5. O-O Bb7 6. Bxc6 Bxc6 7. Qe2 e6 8.
d4 Bb7 9. Bg5 Bf6 10. Bxf6 Qxf6 11. e5 Bxf3 12. Qxf3 Qxf3 13. gxf3 a6 14. d5
Ne7 15. dxe6 dxe6 16. Rad1 Rc8 17. Rd2 Rd8 18. Rfd1 Rxd2 19. Rxd2 Nf5 20. Ne4
Nh4 21. Rd3 O-O 22. Nf6+ Kg7 23. Ne4 Rc8 24. Nd2 a5 25. b3 b5 26. c4 bxc4 27.
bxc4 Rb8 28. Nf1 Rb2 29. Rd2 Nxf3+ 30. Kh1 Nxd2 0-1

[Event "Mechanics' Winter TNM; G/2"]
[Site "San Francisco"]
[Date "2016.02.02"]
[Round "5.53"]
[White "Snead, Tallulah McCarty"]
[Black "Nassif, Wassim J"]
[Result "0-1"]
[WhiteElo "160"]
[BlackElo "1186"]
[PlyCount "44"]
[EventDate "2016.??.??"]

1. e4 e5 2. Nf3 Nc6 3. Bc4 Bc5 4. O-O Nf6 5. Nc3 d6 6. Ng5 d5 7. exd5 Nd4 8. d6
Be6 9. Bxe6 Nxe6 10. Nxe6 fxe6 11. dxc7 Qxc7 12. a3 O-O 13. b4 Bd4 14. Bb2 a6
15. Re1 Qb6 16. Rf1 Qd6 17. Qf3 Nd5 18. Qd1 Ba7 19. Nxd5 exd5 20. d3 Bb8 21. c4
e4 22. cxd5 Qxh2# 0-1

[Event "Mechanics' Alan Benson TNM; G/2"]
[Site "San Francisco"]
[Date "2016.09.06"]
[Round "6.34"]
[White "Standen, Julian"]
[Black "Capdeville, Barry"]
[Result "1/2-1/2"]
[WhiteElo "1600"]
[BlackElo "1224"]
[Annotator "Winslow,Elliott"]
[PlyCount "80"]
[EventDate "2016.??.??"]

1. d4 Nf6 2. Nf3 d5 3. e3 Bg4 4. c4 e6 5. Qa4+ c6 6. Ne5 Nbd7 7. Nxg4 Nxg4 8.
Be2 Ngf6 9. Nc3 Bd6 10. O-O O-O 11. Bd2 Ne4 12. Nxe4 dxe4 13. Bb4 c5 14. Bc3
Qc7 15. g3 cxd4 16. Bxd4 Nc5 17. Qc2 Be5 18. Bxc5 Qxc5 19. Qxe4 b6 20. b4 Qc7
21. Rad1 (21. Rac1 $1 {Think goal: *not* to trade off all the rooks, but to
support the candidate passed pawn.}) 21... Rad8 $6 {
Here also, Black should think of getting White to devalue his majority.} (21...
Bc3) 22. a4 Rxd1 23. Rxd1 Bf6 24. Qc2 Rd8 25. c5 Rxd1+ 26. Bxd1 bxc5 27. Qxc5
$6 (27. bxc5 Qc6 28. Qb3 Qxc5 29. Qb8+ Qf8 30. Qxa7 {
Still gives White some glimmer of hope for an advantage.}) 27... Qxc5 28. bxc5
Be7 29. c6 Bd8 30. e4 Bb6 31. Kf1 e5 32. f4 f6 33. fxe5 fxe5 34. Bb3+ Kf8 35.
Ke2 Ke7 36. Kd3 Kd6 37. Bd5 Kc5 38. Kc3 a5 39. g4 g5 40. h3 h6 1/2-1/2

[Event "Mechanics' Spring TNM; G/2"]
[Site "San Francisco"]
[Date "2016.04.26"]
[Round "7.41"]
[White "Standen, Julian"]
[Black "Tan, Jacky T"]
[Result "1-0"]
[WhiteElo "1622"]
[BlackElo "1328"]
[PlyCount "52"]
[EventDate "2016.??.??"]

1. d4 Nf6 2. Nf3 e6 3. Nbd2 c5 4. e3 Nc6 5. Bd3 d5 6. c3 Be7 7. O-O O-O 8. Qe2
Qb6 9. dxc5 Bxc5 10. e4 Nxe4 11. Nxe4 dxe4 12. Bxe4 Rd8 13. Bg5 Re8 14. Rad1 e5
15. h3 f5 16. Bd5+ Kh8 17. Bxc6 bxc6 18. Bc1 Ba6 19. c4 e4 20. Ng5 e3 21. Bxe3
Bxe3 22. fxe3 Rxe3 23. Qf2 Bxc4 24. Rfe1 Rxe1+ 25. Rxe1 Qxf2+ 26. Kxf2 Bxa2 {
Black is much better if not winning, but went on to lose.} 1-0

[Event "Mechanics' Winter TNM; G/2"]
[Site "San Francisco"]
[Date "2016.02.16"]
[Round "7.40"]
[White "Standen, Julian"]
[Black "Touset, Stephen"]
[Result "0-1"]
[WhiteElo "1653"]
[BlackElo "1152"]
[PlyCount "60"]
[EventDate "2016.??.??"]

1. d4 Nf6 2. Nf3 d5 3. e3 e6 4. Bd3 c5 5. c3 Bd6 6. Nbd2 O-O 7. O-O Nbd7 8. Re1
e5 9. dxe5 Nxe5 10. Nxe5 Bxe5 11. Nf3 Qd6 12. Nxe5 Qxe5 13. h3 Ne4 14. f3 Ng3
15. e4 d4 16. Bd2 Qh5 17. Bf4 Qh4 18. Bxg3 Qxg3 19. Kh1 Rd8 20. e5 Be6 21. Qe2
dxc3 22. bxc3 Qf4 23. Rad1 Qa4 24. Rd2 c4 25. Bc2 Qa5 26. Red1 g6 27. Qe3 Rxd2
28. Rxd2 Qxa2 29. Bxg6 $4 Qa1+ 30. Kh2 hxg6 0-1

[Event "Mechanics' Fall TNM; G/2"]
[Site "San Francisco"]
[Date "2016.11.08"]
[Round "4.23"]
[White "Starr, Albert"]
[Black "Lin, Aung Tun"]
[Result "0-1"]
[WhiteElo "1511"]
[BlackElo "1681"]
[PlyCount "24"]
[EventDate "2016.??.??"]

1. b4 f5 2. Bb2 e6 3. e3 Nf6 4. b5 b6 5. Nf3 Bb7 6. Be2 Be7 7. O-O O-O 8. d3 d6
9. Nd4 Qc8 10. Bf3 d5 11. c4 c5 12. Ne2 Bd6 {
Black later won. Remaining moves unavailable.} 0-1

[Event "Mechanics' Fall TNM; G/2"]
[Site "San Francisco"]
[Date "2016.11.29"]
[Round "7.40"]
[White "Starr, Albert Mart"]
[Black "Adams, Sophie"]
[Result "0-1"]
[WhiteElo "1511"]
[BlackElo "1224"]
[PlyCount "94"]
[EventDate "2016.??.??"]

1. b4 e5 2. Bb2 d6 3. e3 Nf6 4. d3 Bg4 5. Be2 Bxe2 6. Nxe2 g6 7. O-O Bg7 8. c4
O-O 9. Nbc3 c6 10. a4 Nbd7 11. a5 b6 12. a6 Re8 13. b5 cxb5 14. cxb5 Rc8 15.
Rc1 Nc5 16. Ba3 Qd7 17. Bxc5 Rxc5 18. d4 exd4 19. Nxd4 Ne4 20. Qb3 Nd2 21. Qb4
Nxf1 22. Kxf1 d5 23. Rd1 Qc7 24. Nce2 Qxh2 25. Ng3 Qh4 26. Qb3 Qe7 27. Nc6 Qc7
28. Rxd5 Rxd5 29. Qxd5 Be5 30. Ne4 Kg7 31. f4 Bb2 32. Kf2 Re6 33. g4 Ba3 34.
Kf3 h6 35. Ng3 Bc5 36. e4 Rd6 37. Qe5+ f6 38. Qc3 Qd7 39. Nb4 Bxb4 40. Qxb4
Rd3+ 41. Kg2 Kf7 42. f5 Qd6 43. Qc4+ Kg7 44. Ne2 Rd2 45. fxg6 Qd7 46. Qf7+ Qxf7
47. gxf7 Rxe2+ 0-1